Strategisches Internationales Marketing

Guardado en:
Detalles Bibliográficos
Autor principal: Meissner, Hans Günter
Formato: Libro
Lenguaje:alemán
Publicado: Berlin Springer 1988
Edición:1. Aufl.
Etiquetas: Agregar Etiqueta
Sin Etiquetas, Sea el primero en etiquetar este registro!

MARC

LEADER 00000nam a2200000 4500
001 c025367
005 20221219111322.9
041 0 |a ger 
044 |a DE 
245 1 0 |a Strategisches Internationales Marketing  |c Hans Günter Meissner 
250 |a 1. Aufl. 
264 1 |a Berlin  |b Springer  |c 1988 
300 |a 188 s. 
100 1 |a Meissner, Hans Günter